000 00491nam a22001697a 4500
003 OSt
005 20140310182200.0
008 130902t xxu||||| |||| 00| 0 eng d
020 _a0673361306
050 _aLB 1047
_b.E39 1995
082 _aHS 809.001
_bEd96 1995
245 _aDiscovering world cultures through literature /
_cGerry Edwards, Ph.D.
260 _aNew York :
_bGood Year Books,
_cc1995.
300 _a181 p. :
_bill. ;
_c28 cm.
942 _2lcc
_cHS
999 _c10185
_d10185